|
|
|
|
| LEADER |
00000nam0a2200000 4500 |
| 001 |
108566 |
| 005 |
20231031115657.0 |
| 035 |
|
|
|a (RuTPU)RU\TPU\book\117202
|
| 090 |
|
|
|a 108566
|
| 100 |
|
|
|a 20070123d1980 km y0rusy5003 ca
|
| 101 |
0 |
|
|a rus
|
| 102 |
|
|
|a RU
|
| 105 |
|
|
|a a z 001zy
|
| 200 |
1 |
|
|a Геология и полезные ископаемые стран Азии, Африки и Латинской Америки
|e сборник научных трудов
|f Университет дружбы народов им. Патриса Лумумбы ; под ред. Г. Д. Ажгирея
|
| 210 |
|
|
|a Москва
|c Изд-во Ун-та дружбы народов
|d 1980
|
| 215 |
|
|
|a 200 с.
|c ил., карт.
|
| 320 |
|
|
|a Библиография в конце работ.
|
| 610 |
1 |
|
|a геология
|
| 610 |
1 |
|
|a полезные ископаемые
|
| 610 |
1 |
|
|a поиск
|
| 610 |
1 |
|
|a разведка
|
| 610 |
1 |
|
|a Азия
|
| 610 |
1 |
|
|a Африка
|
| 610 |
1 |
|
|a Латинская Америка
|
| 675 |
|
|
|a 55(5/8)
|z rus
|
| 675 |
|
|
|a 553(5/8)
|z rus
|
| 702 |
|
1 |
|a Ажгирей
|b Г. Д.
|g Глеб Дмитриевич
|4 340
|
| 712 |
0 |
2 |
|a Университет дружбы народов им. Патриса Лумумбы
|2 stltpush
|3 (RuTPU)RU\TPU\col\8871
|
| 801 |
|
0 |
|a RU
|b RuMRKP
|c 19950704
|g psbo
|
| 801 |
|
1 |
|a RU
|b 63413507
|c 20070123
|g PSBO
|
| 801 |
|
2 |
|a RU
|b 63413507
|c 20080917
|g PSBO
|
| 942 |
|
|
|c BK
|